Doctor Strange Movies - Statistics

General Stats
  • This quiz has been taken 38 times
  • The average score is 5 of 6
Answer Stats
Year Benedict Cumberbatch % Correct
2016 Doctor Strange
100%
2019 Avengers: Endgame
93%
2018 Avengers: Infinity War
89%
2022 Doctor Strange in the Multiverse of Madness
89%
2021 Spider-Man: No Way Home
71%
2017 Thor: Ragnarok
57%
No matching quizzes found
Score Distribution
Percent of People with Each Score
Percentile by Number Answered
Your Score History
You have not taken this quiz